| 000 | 00546nam a22001697a 4500 | ||
|---|---|---|---|
| 003 | OSt | ||
| 005 | 20130613131048.0 | ||
| 008 | 130613s1972 sp ||||| |||| 00| 0 spa d | ||
| 040 | _cCDMR | ||
| 245 | 0 | 4 | _aLas emisiones de radio para el exterior de los países comunistas |
| 260 |
_aMadrid _bServicio Informativo Documental Español _c1972 |
||
| 300 | _a34 p. | ||
| 490 | 0 |
_aTextos y documentos. Temas políticos y sociales _v4 |
|
| 650 | 0 | 4 |
_92805 _aRadiodifusió internacional _xAspectes polítics |
| 650 | 0 | 4 |
_93177 _aPropaganda |
| 942 |
_2udc _cFULLET |
||
| 999 |
_c6462 _d6462 |
||